Drapeaux des pays de la Coupe du Monde 1998 - Statistiques

Statistiques générales
  • Ce quiz a été pris 105 fois
  • Le résultat moyen est 30 sur 32
Statistiques - réponses
Par images Réponse % Correct
Brésil
100%
Maroc
100%
Afrique du Sud
98%
Espagne
98%
France
98%
Italie
98%
Norvège
98%
Allemagne
97%
Belgique
97%
Corée du Sud
97%
Etats-Unis
97%
Mexique
97%
Arabie Saoudite
96%
Cameroun
95%
Chili
95%
Danemark
95%
Pays-Bas
95%
Roumanie
95%
Angleterre
94%
Argentine
94%
Ecosse
94%
Jamaïque
94%
Croatie
93%
Tunisie
93%
Autriche
91%
Colombie
91%
Japon
91%
Nigeria
91%
Iran
89%
Bulgarie
85%
Paraguay
70%
Yougoslavie
43%
Aucun quiz correspondant
Distribution des résultats
% des personnes avec chaque résultat
Percentile par nombre de réponses
Votre historique - résultats
Vous n’avez pas pris ce quiz